| 000 | 00476nam a2200133 a 4500 | ||
|---|---|---|---|
| 008 | 120416s1975 ||||||||||||||||| || u | ||
| 050 | _aHF 5630 Ros | ||
| 100 | _aRosen, L. S | ||
| 245 | 1 | 0 | _aIntroduction to accounting case analysis |
| 260 |
_aLondon _bMcGraw-Hill Ryerson _c1975 |
||
| 300 | _aviii, 195p. : ill | ||
| 350 | _a0.00 | ||
| 995 |
_D0.00 _FCBU-MAIN LIBRARY (Kitwe) _H1 _I0.00 _UDAMAGED _ZMain Library Open Access Collection |
||
| 999 |
_c47588 _d47588 |
||